[Event "Corus"]
[Site "Wijk aan Zee"]
[Date "2005.01.25"]
[Round "9"]
[White "Svidler, Peter"]
[Black "Grischuk, Alexander"]
[Result "1-0"]
[WhiteElo "2735"]
[BlackElo "2710"]
[Annotator "Tyomkin,D"]
[PlyCount "113"]
[EventDate "2005.01.15"]
[EventType "tourn"]
[EventRounds "13"]
[EventCountry "NED"]
[EventCategory "19"]
[SourceTitle "CBM 105"]
[Source "ChessBase"]
[SourceDate "2005.04.11"]
[SourceVersion "1"]
[SourceVersionDate "2005.04.11"]
[SourceQuality "1"]

{Peter and Alex, who usually don't fight hard each other (number of draws in
less than 25 moves), give a real fight this time!} 1. e4 c5 2. Nf3 Nc6 3. Bb5
g6 4. Bxc6 dxc6 5. d3 Bg7 6. h3 Nf6 7. Nc3 Nd7 {This is one of the most
popular plans for black in Rossolimo variation with early Bxc6 nowadays.} 8.
Be3 e5 9. Qd2 {Oratovsky: Most of the players, including top GMs, play this
automatically. Of course, this move looks very logical - white keeps the
possibility for both 0-0 and 0-0-0 and threatens Bh6, but since black has an
option for long castle it doesn't seem for me the best way for white. It
deserved serious attention} (9. Nd2 {is a favourite variation of GM Oratovsky,
one of experts of Bb5 variation.}) 9... h6 10. O-O Qe7 11. Nh2 Nf8 12. f4 exf4
13. Rxf4 Be6 {13...Ne6 leads to white's slight advantage- the way Akopian
played vs Van Wely- see the game below. However, Oratovsky recommends 13...Ne6
for black (Oratovsky says : Ne6 move seems more logical then Be6);} (13... Ne6
{Oratovsky} 14. Rf2 Nd4 15. Raf1 Be6 16. b3 ({Another, more agressive,
possibility was} 16. Ng4 $5 O-O-O (16... Bxg4 17. hxg4 (17. Rxf7 Qxf7 18. Rxf7
Kxf7 19. hxg4 Rad8 20. Nd1 $14) 17... f6 18. Bxd4 (18. b4 $5 O-O-O 19. Ne2
Nxe2+ 20. Rxe2 cxb4 21. Bxa7 b5 22. Qe3 Rd7 23. Bc5 Qe6 24. Bxb4 $16 {1-0
Palac,M-Loncar,R/Zadar 2001/CBM 85 ext (46). (45)}) 18... cxd4 19. Ne2 O-O 20.
Nf4 (20. Nxd4 f5 $132) 20... Kh7 21. Qe2 Rf7 22. Qf3 Qe5 $11 {1/2-1/2 Delgado,
N-Corrales,F/Santa Clara 2003/EXT 2004 (40). (39)}) (16... f5 17. Nxh6 Qh4 18.
exf5 gxf5 19. Nxf5 Bxf5 20. Rxf5 Nxf5 21. Rxf5 O-O-O (21... b6 22. Bg5 $40) 22.
Bxc5 $16 Rhe8 23. Bf2 Qb4 24. Bg3 Bd4+ 25. Kh2 Be3 26. Qd1 Bb6 27. Rf4 Qc5 28.
Na4 {1-0 Vokarev,S-Khasin,A/Koszalin 1999/EXT 2000 (28).}) 17. Nf6 (17. Nxh6 $6
{This move is very risky for white, since the knight can not return to g4.} f6
(17... f5 18. Bg5 Bf6 19. Bxf6 Qxf6 20. Ng4 $14) (17... Nxc2 $2 18. Bg5 f6 19.
Rxf6 $16) (17... Rdf8 $5) 18. Na4 (18. e5 f5 19. Bg5 Qc7 $15) 18... b5 19. Nc3
Qf8 20. Ng4 Bxg4 21. hxg4 Qg8 $40) 17... Bxf6 18. Rxf6 Bf5 $1 {enough to
equalize} 19. Bxh6 Qxf6 20. Bg5 Qd6 21. exf5 (21. Bxd8 Rxd8 22. exf5 Nxf5 $11)
21... Nxf5 22. Bxd8 Rxd8 {'='} 23. Qf2 Qd4 $11 {1/2-1/2 Fernandez,D-Lesiege,A/
Philadelphia 2003/EXT 2004 (25). (25)}) 16... O-O-O 17. Ne2 b6 18. Nf4 Rd7 19.
Nxe6 {1/2-1/2 Akopian,V-Van Wely,L/Wijk aan Zee 2004/CBM 099/[Oratovsky,M] (26)
} ({The last chance to fight for an advantage was} 19. a4 $5 a5 20. Nxe6 Qxe6
21. Nf3 Nxf3+ 22. Rxf3 $14)) 14. Rf2 (14. Raf1 {Oratovsky} Nd7 (14... O-O-O $5
{Tyomkin}) 15. R4f2 b6 (15... f6 16. Nf3 b6 17. Ne2 h5 18. e5 (18. a4 $5 O-O-O
19. a5 $36) 18... O-O-O 19. exf6 Bxf6 20. Bg5 Bd5 21. Nc3 Rhf8 22. Nxd5 cxd5
23. Re1 Bxg5 24. Rxe7 Bxd2 25. Nxd2 Rde8 26. Rxf8 Rxf8 27. Nf3 $14) 16. Ng4
Bxg4 (16... g5 $142 $13) 17. Rxf7 Qxf7 18. Rxf7 Kxf7 19. hxg4 Ne5 20. Qf2+ Ke7
21. Qg3 $14 {1-0 Grischuk,A-Radjabov,T/Bastia 2003/CBM 98 no vc (41). (40)}) ({
too slow is} 14. Rff1 Nd7 15. Qf2 b6 16. a4 a5 17. Nf3 O-O 18. Qg3 g5 19. Rae1
Rae8 20. Kh1 Qd8 $11 21. d4 $6 (21. Bg1 $5) 21... Bc4 22. Rf2 $2 (22. Rg1 $8 f5
(22... Qb8 $5) 23. exf5 Rxe3 24. Rxe3 cxd4 25. Re4 Nc5 26. Rxd4 Bxd4 27. Rd1
$13) 22... f5 $19 23. exf5 cxd4 {0-1 Oral,T-McShane,L/Qaqortoq 2003/EXT 2004 
(30). (30)}) 14... O-O-O 15. Raf1 Nd7 16. Ne2 f6 {Unfortunately 16...Ne5
doesn't lead to equality- 17.b3! but not the way white chose in the folllowing
game. While 16...f5 is completely new approach in this position- black gets
weak pawns h6 and f5 after pxp pxp but active positions of black pieces
compensate the weakness of black pawns. Anyhow, I don't see any clear way for
white to achieve any advantage after 16...f5;} (16... Ne5 $5 17. Qa5 {White
achieved nothing in the game! the only way to achieve slight advantage in 17.
b3!} (17. b3 $1 Kb8 (17... c4 18. d4 $14) 18. Nf3 $1 $14) 17... b6 18. Qa6+ Kb8
19. Nf3 (19. Nf4 Bc8 20. Qa4 f5 $1) 19... Nxf3+ 20. Rxf3 Rhf8 (20... g5 $1 21.
c3 (21. Ng3 Bxb2 22. Nf5 Qb7 $15) 21... f5 $1 22. exf5 $140 Bd5 $17) 21. Nf4
Bc8 22. Qa4 Qe8 $11 {1-0 Souleidis,G-Meins,G/Erfurt GER 2005/The Week in Chess
536 (37)}) (16... Bxb2 $6 17. Qa5 Kb8 18. c3 b6 19. Qa4) (16... f5 $5 17. exf5
gxf5 (17... Bxf5 18. Ng3 Be6 19. Re2 (19. Qa5 Kb8 20. Re2 $11) 19... Rdf8 20.
Rfe1 $14) 18. Ng3 (18. Nf4 Rhe8 19. Re2 Bf7 $11 {[%cal Ge7d6]}) 18... Rde8 19.
Re2 Qf7 20. Ne4 Qe7 21. Ng3 $11) 17. Qa5 $1 $146 {Very strong and logical plan.
Qa5 is definitely an improvement of Rublevsky's play, however white's play in
Rublevsky-McShane can be improved as well.} (17. Nf3 b6 18. Bf4 (18. b4 $5 cxb4
19. Nfd4 Kb7 20. a3 bxa3 21. Qc3 $40 {white gets dangerous initiative on the
queenside.}) 18... h5 19. Bh2 Bh6 20. Nf4 Bf7 21. Nh4 Rdg8 22. Qc3 Kb7 23. Kh1
Rh7 24. a3 $6 Qd8 (24... f5 $1 25. e5 Qxh4 26. e6 Qf6 $1 $15) 25. Ne2 Bg5 (
25... f5 $1) 26. g3 Be6 $17 {0-1 Rublevsky,S-McShane,L/Istanbul 2003/CBM 096/
[Meyer,CD] (59)}) 17... Kb8 18. b4 f5 19. bxc5 fxe4 20. d4 Bc4 $6 {Dubious
idea by Alex. Now white get an advantage. 20...g5 leads to very reasonable
play for black with mutual chances. Alex probably declined this move afraiding
to give up the control over f5, but seems like black can get a very convenient
play in case of Ng3-f5 in that line.} (20... g5 {to prevent Nf4 and Bf4 ideas.}
21. Ng3 Nf6 22. Nf5 Bxf5 23. Rxf5 Rhf8 {[%cal Gf6d5,Ge7c7]} 24. c4 Qc7 {
black is not any worse here.}) 21. Qa4 $1 {Probably Grischuk overlooked this
move.} Bxe2 $6 {2nd mistake in a row. Alex trades his important light square
bishop which is one of the strongest pieces of black.... But after this trade
black is lacking any counterplay.  Both 21...Bb5 and 21...b5 would lead to
better position than Alex got in the game, however white has an advantage in
both cases.} (21... Bb5 22. Qb3 {[%cal Yf2f7]} Nf6 23. c4 Ba6 24. Bf4+ Ka8 25.
Bd6 (25. Be5 Rhf8 26. Nf4 Qe8 {and black survives.}) 25... Rxd6 (25... Qe6 {
[%csl Rc4]} 26. Nf4 Qxc4 27. Ne6 Qxb3 28. axb3 Bxf1 29. Nxf1 Nd5 30. Nxg7 Rd7
31. Ne6 e3 32. Nxe3 Nxe3 33. Nc7+ Rxc7 34. Bxc7 Nd5 35. Be5 $16 {[%cal Gf2f7]
black's kingside will be in trouble.}) 26. cxd6 Qxd6 27. Rd1 $14 {[%cal Gh2f1,
Gf1e3]}) (21... b5 22. cxb6 Nxb6 23. Qxc6 g5 24. Ng4 Rd6 25. Qc5 Rc8 26. Qa5 {
black has some compensation for the sacrificed pawn here.}) 22. Rxe2 $14 {
The main difference with 20...g5 line is that white rooks take much better
positions- white can transfer them quickly to a queenside, while black is late
to ogranize some real counterplay. Time is a big factor in chess.} Qe6 (22...
Nf6 23. Bf4+ Ka8 24. Re3 {[%cal Ra4a7,Ye3a3]}) (22... g5 23. Ng4 Rhf8 (23... h5
24. Nf2 $16 {[%cal Gf1b1]}) 24. Rb1 Ka8 25. c3 $16 {[%cal Ge2b2]}) 23. c4 Ka8
24. Rb1 Nb8 $1 {Black correctly chooses passive defense here- Alex gets rid of
all white's threats on a queenside, and then improves the positions of his
pieces.} 25. Rd2 Qf7 (25... Rd7 26. d5 $1 cxd5 $140 27. cxd5 Rxd5 28. Qb3 {
[%csl Rb7,Rd5]}) 26. Ng4 Rd7 27. Qb3 Rhd8 28. Rbd1 {Black has successfully
defended the queenside, so Peter switches plans and prepares d4-d5 break.} g5
29. Nf2 {All white pieces have taken optimal positions, now d4-d5 is coming.}
Qf5 30. d5 (30. Nh1 $5 {[%cal Gh1g3,Gg3e2]}) 30... h5 31. dxc6 {Doubled pawns
of white isn't a problem here- white gets d5 outpost for his pieces, as well
as black pawn e4 will fall soon.} Nxc6 $2 {31...bxc6 was much more resistant-
there is no clear way for white to achieve an advantage in that line. After
the game move black's position falls apart...} (31... bxc6 32. Rxd7 (32. Rb1
Be5 33. Rxd7 Rxd7 34. Bd4 g4 $1 $132) 32... Nxd7 33. Qb1 Re8 34. Nxe4 Rb8 $1 {
with some counterplay.}) 32. Rd5 $16 {d5 is a perfect outpost for white major
pieces.} Be5 33. Qb1 $1 {black pawn e4 falls now.} g4 34. hxg4 hxg4 35. Qxe4
Qf7 (35... Qxe4 36. Nxe4 $18) 36. Nxg4 {White is up two pawns, but this is not
an easy task to win it here- white pawns are invalids- all of them are
isolated and two of them are doubled, only good thing is that pawn g2 is
potentially a dangerous passer.} Bb8 37. Bg5 Re8 38. Rxd7 Qxd7 39. Rxd7 Rxe4
40. Ne3 a5 41. Kf1 Re8 42. a4 Ka7 43. g4 $6 {Premature. White can activate
pieces first before advancing a g-passer. Now black get some chances to escape
for a draw.} (43. Rf7 $142 $5 {[%cal Gf1f2]} Ne5 44. Rf5 $18) (43. Kf2 Rf8+ 44.
Ke2 Be5 {[%cal Ge5d4]}) 43... Rg8 44. Bh6 Rg6 45. Rh7 (45. g5 $2 Bf4 46. Nf5
Bxg5 47. Bxg5 Rxg5 48. Nd6 Rxc5 $11) 45... Be5 46. Kg2 (46. Ke2 Bd4 47. Kf3
Ne5+ 48. Ke4 Nc6 $1 {[%cal Gd4e3,Yg6g4]}) 46... Bd4 47. Kh3 Bxc5 $2 {This
makes it easier for white. 47...Ne5 gives black some practicall chances, but
leads to a loss anyhow if white plays precisely, while I am not sure what is
exact evaluation of 47...Rxh6 line which was definitely the best chance for
black here. Strange that Grischuk, who is usually ver tough in defense, didn't
go for it.} (47... Rxh6+ $142 $1 48. Rxh6 Bxe3 {white will win one of black
light pieces for g-pawn, but I am not sure white will win the game...} 49. Rh7
Kb8 $1 (49... Bxc5 50. g5 Ne7 51. Rg7 $1 {[%cal Gg5g6,Yg7e7]} Nf5 52. Rf7 Ne7
53. Kg4 {[%cal Gg4h5,Yg5g6] and after Kh5, g6 NxP KxN the ending R and 2P vs B
and 2P on a kingside will be winning for white.}) 50. Kh4 Ne5 51. Kh5 Bxc5 52.
g5 Nxc4 53. g6 Bd4 54. g7 Bxg7 55. Rxg7 Nb2 56. Rg4 Ka7 $11 {[%cal Gb7b5]}) (
47... Ne5 48. Bg7 (48. Nc2 $5) 48... Nf3 (48... Rxg7 49. Rxg7 Bxe3 50. g5 Bxc5
51. g6 Bf8 52. Rg8 Bh6 53. c5 Nxg6 54. Rxg6 Be3 55. c6 bxc6 56. Rxc6 {this is
a book win, but it takes a while to win it with K+R+a4 pawn vs king in the
corner opposed to a color of the bishop...}) 49. Bxd4 Ng5+ 50. Kh4 Nxh7 51. c6+
Ka6 {others lose as well.} 52. c7 Rh6+ 53. Kg3 Rc6 54. Be5 $18) 48. Bf4 $18 Re6
(48... Nb4 {[%cal Gb4d3]} 49. Rd7 Re6 50. Nf5 $18) 49. Nd5 Re4 50. g5 Ne7 (
50... Nb4 51. Rh4 $1 $18 (51. g6 Nxd5 52. cxd5 Rxf4 53. g7 Rf1 $1 54. d6 $1 Rg1
55. d7 Bb6 56. Kh4 $1 $11 {[%cal Gh4h5,Gh5h6]}) 51... Rxc4 $140 52. Bb8+ $18)
51. Kg4 Nxd5 52. cxd5 {Now white passers are unstoppable- that was a good time
for black to resign, but Alex decided to make some few moves more.} Rxa4 53. g6
Bd6 54. Rf7 Be5 55. Kg5 (55. d6 $18) 55... Bb2 56. d6 Rd4 57. Be3 1-0

[Event "Corus"]
[Site "Wijk aan Zee"]
[Date "2005.01.26"]
[Round "10"]
[White "Grischuk, Alexander"]
[Black "Ponomariov, Ruslan"]
[Result "1-0"]
[WhiteElo "2710"]
[BlackElo "2700"]
[Annotator "Ftacnik,L"]
[PlyCount "61"]
[EventDate "2005.01.15"]
[EventType "tourn"]
[EventRounds "13"]
[EventCountry "NED"]
[EventCategory "19"]
[SourceTitle "CBM 105"]
[Source "ChessBase"]
[SourceDate "2005.04.11"]
[SourceVersion "1"]
[SourceVersionDate "2005.04.11"]
[SourceQuality "1"]

{[%mdl 1]} 1. e4 c5 2. Nf3 d6 3. d4 cxd4 4. Nxd4 Nf6 5. Nc3 a6 6. Be3 Ng4 7.
Bc1 Nf6 8. f3 Qb6 9. g4 Nc6 10. Nb3 e6 11. Qe2 Qc7 12. Be3 b5 13. O-O-O Nd7 14.
Qf2 Be7 15. g5 (15. h4 Nce5 16. Kb1 Rb8 17. g5 b4 18. Ne2 (18. Na4 $2 Qc6)
18... Nc4 {Blehm,P-Gershon,A/Wch U20 /Guarapuava 1995/}) 15... Nce5 16. a3 Rb8
17. Rg1 Nb6 {Ponomariov's plan of queenside counterplay is a bit artificial.
Apart from a nice knight on c4 he will not be able to claim any achievements.}
(17... b4 $5 18. axb4 Rxb4 19. f4 Nc6 20. h4 Na5 21. Nd4 Nc4 (21... Nc5 $5) 22.
Bxc4 Rxc4 23. f5 {L'Ami,A-Acs,A/ Amsterdam 2004/ 1-0 (42)}) 18. f4 Nec4 19.
Bxc4 (19. Bd4 e5 20. Bxb6 Qxb6 21. Qxb6 Nxb6 22. f5 Bb7 $11) 19... Nxc4 20. Bd4
O-O (20... Rg8 $5 21. Rd3 b4 22. axb4 Rxb4 23. Rh3 $14) 21. Bf6 $1 {[%mdl 128]
This type of moves is well known from various Sicilian lines, but in the given
position it is rather devastating. Black can not do much against the transfer
of white's rook to h3.} Bb7 (21... b4 22. axb4 Rxb4 23. Rd3 Bd8 24. Rh3 Qb6 25.
Bd4 Qb7 26. Qh4 h6 27. Bxg7 $18) 22. Rd3 Rfc8 23. Rh3 Kf8 (23... gxf6 24. gxf6+
Kf8 25. Rxh7 Bxf6 (25... Ke8 26. Rg8+ Kd7 27. Rxf7 Rxg8 28. Rxe7+ Kd8 29. Rxc7
Kxc7 30. Nd4 $18) 26. Qg3 d5 (26... Ke7 27. Rxf7+ Kxf7 28. Qg6+ Kf8 (28... Ke7
29. Qh7+ $18) 29. Qg8+ Ke7 30. Qh7+ Kd8 31. Rg8#) 27. Qg8+ Ke7 28. Qxf7+ Kd6
29. Qxf6 Qxh7 30. Rg7 Qxg7 31. Qxg7 $18) 24. Rxh7 Ke8 25. Bxg7 Kd7 26. g6 {
In the end defender was not able to offer any real resistance, Grischuk wins
without any effort.} a5 (26... fxg6 27. Bf6 Re8 28. Rxg6 $18) 27. gxf7 Bf8 28.
Bxf8 Rxf8 29. Rd1 Bc8 30. f5 e5 31. Nd5 {A truly crushing defeat for the
former world champion.} 1-0